ARQUITECTURA Y POLITICA (Registro nro. 43716)
[ vista simple ]
| 000 -LEADER | |
|---|---|
| fixed length control field | 00970nam a2200193 a 4500 |
| 001 - CONTROL NUMBER | |
| control field | 43716 |
| 005 - DATE AND TIME OF LATEST TRANSACTION | |
| control field | 20180714022329.0 |
| 008 - FIXED-LENGTH DATA ELEMENTS--GENERAL INFORMATION | |
| fixed length control field | 140415s1999 mx 000 0 spa d |
| 020 ## - INTERNATIONAL STANDARD BOOK NUMBER | |
| International Standard Book Number | 9706401377 |
| 041 ## - LANGUAGE CODE | |
| Language code of text/sound track or separate title | spa |
| 082 ## - DEWEY DECIMAL CLASSIFICATION NUMBER | |
| Classification number | 725.1 |
| Item number | GON |
| 100 1# - MAIN ENTRY--PERSONAL NAME | |
| Personal name | González de León, Teodoro,. |
| 245 10 - TITLE STATEMENT | |
| Title | ARQUITECTURA Y POLITICA |
| 250 ## - EDITION STATEMENT | |
| Edition statement | 1a ed. |
| 260 ## - PUBLICATION, DISTRIBUTION, ETC. | |
| Place of publication, distribution, etc. | MEXICO : |
| Name of publisher, distributor, etc. | EL COLEGIO NACIONAL, |
| Date of publication, distribution, etc. | 1999 |
| 300 ## - PHYSICAL DESCRIPTION | |
| Extent | 46 |
| Dimensions | 14.4 x 0.4 x 21.4 |
| 520 ## - SUMMARY, ETC. | |
| Summary, etc. | LO QUE SIGUE ES POCO MAS QUE UNA SERIE DE PENSAMIENTOS EN VOZ ALTA, MAS O MENOS DESORDENADOS, SOBRE LA RELACION ENTRE LA ARQUITECTURA Y LA POLITICA. LA ARQUITECTURA ES UN ARTE, QUE COMO TAL, SU TIEMPO NO ES EL DE LA POLITICA. EL TIEMPO DE LA ARQUITECTURA ES UN TIEMPO LARGO, EL DE LA POLITICA ES MAS INMEDIATO. LA POLITICA NO CREA UNA EXPRESION ARQUITECTONICA PERO SI PUEDE PROHIBIRLA Y SUPRIMIRLA. |
| 650 14 - SUBJECT ADDED ENTRY--TOPICAL TERM | |
| Topical term or geographic name entry element | ARQUITECTURA MODERNA |
| General subdivision | SIGLO XX |
| -- | MEXICO |
| -- | ARQUITECTURA |
| -- | AMERICA |
| -- | EDIFICIOS GUBERNAMENTALES |
| Withdrawn status | Lost status | Source of classification or shelving scheme | Damaged status | Not for loan | Collection code | Home library | Current library | Shelving location | Date acquired | Source of acquisition | Inventory number | Total Checkouts | Full call number | Barcode | Date last seen | Date last checked out | Price effective from | Koha item type |
|---|---|---|---|---|---|---|---|---|---|---|---|---|---|---|---|---|---|---|
| Dewey Decimal Classification | General | Biblioteca Karol Wojtyla | Biblioteca Karol Wojtyla | Sala general | 03/12/2013 | Compra | 151000000000000000027340 | 725.1 GON | 65722 | 05/01/2026 | 08/06/2015 | 03/12/2013 | Libro |